Central Library OPAC University of Rajshahi

سيّد احمد شهيد : مجاهد کبير حضرت سيّد احمد بريلوى کے مفصّل سوانح حيات اور ان کى تحريک احياء دين کى مکمّل سرگزشت / Sayyid Aḥmad Shahīd : mujāhid-i kabīr Ḥaẓrat Sayyid Aḥmad Barelvī ke mufaṣṣil savāniḥ-i ḥayāt aur un kī taḥrīk-i iḥyāʼ-yi dīn kī mukammal sarguzisht/ (Record no. 83252)

MARC details
000 -LEADER
fixed length control field 01112nam a2200229 a 4500
001 - CONTROL NUMBER
control field 83252
003 - CONTROL NUMBER IDENTIFIER
rucl marc code BD-RjUL
005 - DATE AND TIME OF LATEST TRANSACTION
control field 20240306123950.0
008 - FIXED-LENGTH DATA ELEMENTS--GENERAL INFORMATION
fixed length control field 240306s1966 p ||||| |||| 00| 0 u d
035 ## - SYSTEM CONTROL NUMBER
System control number (BD-RjUL)83252
040 ## - CATALOGING SOURCE
Original cataloging agency BD-RjUL
Language of cataloging eng
Transcribing agency BD-RjUL
041 ## - LANGUAGE CODE
Language code of text/sound track or separate title urd
082 ## - DEWEY DECIMAL CLASSIFICATION NUMBER
Edition number 23
Classification number 297.814
Author mark and year MIS 1966
100 10 - MAIN ENTRY--PERSONAL NAME
Personal name مهر، غلام رسول، Mihr, G̲h̲ulām Rasūl
Dates associated with a name 1895-1971
9 (RLIN) 12073
245 10 - TITLE STATEMENT
Title سيّد احمد شهيد : مجاهد کبير حضرت سيّد احمد بريلوى کے مفصّل سوانح حيات اور ان کى تحريک احياء دين کى مکمّل سرگزشت / Sayyid Aḥmad Shahīd : mujāhid-i kabīr Ḥaẓrat Sayyid Aḥmad Barelvī ke mufaṣṣil savāniḥ-i ḥayāt aur un kī taḥrīk-i iḥyāʼ-yi dīn kī mukammal sarguzisht/
Statement of responsibility, etc. غلام رسول مهر., ، / G̲h̲ulām Rasūl Mihr,
260 ## - PUBLICATION, DISTRIBUTION, ETC. (IMPRINT)
Place of publication, distribution, etc. Lāhaur:
Name of publisher, distributor, etc. Kitab Manjil ,
Date of publication, distribution, etc. 1968
300 ## - PHYSICAL DESCRIPTION
Pagination V. ;. ;
Size 23 cm
505 ## - FORMATTED CONTENTS NOTE
Formatted contents note Vol. 1.-- v. ; 2.--
600 ## - SUBJECT ADDED ENTRY--PERSONAL NAME
Personal name Shahīd, Sayyid Aḥmad
Dates associated with a name 1786-1831
General subdivision Biographies
650 ## - SUBJECT ADDED ENTRY--TOPICAL TERM
Topical term or geographic name as entry element Wahhābīyah
Geographic subdivision India
9 (RLIN) 12107
942 ## - ADDED ENTRY ELEMENTS (KOHA)
Source of classification or shelving scheme Dewey Decimal Classification
Koha item type Books
Holdings
Lost status Source of classification or shelving scheme Damaged status Not for loan Collection code Permanent Location Current Location Shelving location Date acquired Source of acquisition Cost, normal purchase price Full call number Date last seen Copy number Koha item type
  Dewey Decimal Classification   Not For Loan Non-fiction Central Library, University of Rajshahi Central Library, University of Rajshahi Reading Room 29/10/1964 Urdu library , Ghoramara, Rajshahi 15.00 U 297.814 MIS V-1 1966 06/03/2024 C-1 Books
  Dewey Decimal Classification   Not For Loan Non-fiction Central Library, University of Rajshahi Central Library, University of Rajshahi Reading Room 29/10/1964 Urdu library , Ghoramara, Rajshahi 15.00 U 297.814 MIS V-2 1966 06/03/2024 C-1 Books